000
00225 a2200097 4500
001
53183
100
_a
Lewis, R W
245
_a
Numerical Methods in Heat Transfer
260
_a
New York
_b
John Wiley
_c
090
_c
33469
_d
33469
942
_a
NUST-CAE
_c
M
_c
26079
999
_c
288256
_d
288256